00350nam a2200133Ia 4500008004100000020001500041041001200056082001600068100001400084245006100098260003500159300000800194650001400202221030s9999 xx 000 0 und d a8121918049 aEnglish a105.23bTha aD. Thakur 0afundamental Concepts in Physical Chemistrycby D. Thakur bS. Chand & CoaNew Delhic2001 a777 aChemistry